000 04671nam a2200433 a 4500
001 dia_824
003 CHAP
005 20251014123057.0
007 ta
008 220117s1992 mx ab frm 001 0 spa d
010 _a171374
040 _cCHAP
_amxchpua
_erda
041 0 _aspa
_beng
090 _aTesis
_bS26
_c1992
100 1 _aSánchez Sandoval, Miguel
240 1 0 _aFinancial evaluation for an anhydrous ammonia distributing plant in the municipality of Angostura, Sinaloa /
_lEspañol
245 1 0 _aEvaluación de financiamiento para una distribuidora de amoniaco anhidro en el municipio de Angostura, Sinaloa /
_cMiguel Sánchez Sandoval
264 _aChapingo, México :
_bEl autor,
_c1992
300 _aix, 84 hojas :
_bilustraciones, mapas, diagramas, tablas
336 _2rdacontent
_atexto
_btxt
337 _2rdamedia
_ano mediado
_bn
338 _2rdacarrier
_avolumen
_bnc
502 _aSeminario de Titulación
_b(Ingeniero Agroindustrial) --
_cUACh. Departamento de Ingeniería Agroindustrial,
_d1992
504 _aBibliografía: hojas 66-67
520 3 _aUno de los factores más importantes que tienen fundamental importancia en la obtención de mejores rendimientos en los cultivos, es la aplicación oportuna y suficiente de fertilizantes. En este documento se evalúa la posibilidad de inversión de una distribuidora de amoniaco anhidro, en el municipio de Angostura, Sinaloa, que venga a resolver las limitaciones que de este fertilizante se tiene en la Zona. El grupo de productores que se beneficiará directamente con la inversión, es la Unión de Ejidos de Producción Agrícola e Industrial "Emiliano Zapata", integrado por 9 ejidos que agrupan a 538 beneficiarios con una superficie de 5,388 hectáreas, de las cuales 5,060 ha. son de riego y 328 ha. de temporal. El cálculo de nodrizas y equipo de aplicación se efectuó considerando la mayor superficie susceptible de habilitar por Banrural en un ciclo agrícola, siendo este el ciclo otoño-invierno con 2,547 ha y una demanda de 380 ton. El proyecto de inversión por $ 265,666,492 muestra una tasa de rentabilidad financiera de 38.55 (%) por ciento muy superior al costo del dinero, por lo que se espera que la empresa salga adelante con sus compromisos financieros en un plazo de 6 años, y además dispondrá de excedentes adicionales para capitalizarse. Los requerimientos adicionales de equipos, etc. se proyectan en etapas subsecuentes, ya sea por medio de nuevos créditos y/o inversiones de los productores interesados, y éste será motivo de análisis sobre la empresa y su consolidación. --
520 3 _aOne of the most important factors on obtaining the best results in agriculture, is the sufficient and opportune fertilizer application. In this document is evaluated the possibility of investing in an Anydrous Ammonia Distributing Plant in the municipality of Angostura, Sinaloa, which would solve the limitations of Anydrous Ammonia in this zone. The group of producers who will be directly beneficed with this investment is the "Unión de Ejidos de Producción Agrícola e Industrial Emiliano Zapata", integrated by 9 ejidos, which include 538 beneficiares with surface of 5,388 ha., 5,060 of them are irrigated and 328 ha. are not irrigated. The estimate of transportation tanks and application equipment, was made considering the carger surface susceptible of credit (by Banrural), during an agricultural period of any given product, in this case. Wheat, planning to cover 1,637 ha, of this cereal. The investment proyect of $265,666,492 shows a financial rentability rate of 38.55%, a lot higher than the of money, for this reasonit is expected that the enterprise will succeed, in its financial obligations within a 6 year period and also will count with remains for its own capitalization. The additional requeriments (equipment, etc.) will be projected in subsequent stages through new credit, and/or investment of the members and this will be a matter of analysis over the enterprise and its consolidation. 
650 1 3 _aAmoníaco anhidro
_2atg
_xFertilizantes
650 1 3 _aIndustria de los fertilizantes
_xIniciativa empresarial
_zMéxico
_zSinaloa
_2atg
650 1 3 _aAnhydrous ammonia
_2atg
_xFertilizers
650 1 3 _aFertilizer industry
_xEntrepreneurship
_zMexico
_zSinaloa
_2atg
700 1 _aPérez Pelayo, Fernando
_edirector
700 1 _aSantoyo Cortés, Vinicio Horacio
_easesor
700 1 _aGómez Cruz, Manuel Ángel
_easesor
901 _aTESIS S26 1992
902 _aM
905 _a0000001992 mx A 0000000000spa00
942 _cTESIS
_2Clasificación Universidad Autónoma Chapingo
999 _c171374
_d171374